00657nam a2200181Ia 450000500170000000800410001702000150005804000180007304100080009124501410009926000560024030000180029665000460031465000300036065000250039065000200041570000400043520140217111210.0130821s2006 ck gr spa  a9586952798 aCo-BoUCMbspa00aspa00aContratación estatal aspectos controversiales. Memorias IV jornada de contratación estatalcFelipe de Vivero Arciniegas, compilador aBogotá (Colombia)bUniversidad de los Andesc2006 a234 páginas04aAdministración públicaxLegislación04aContratos administrativos04aContratos públicos04aDerecho privado1 aVivero Arciniegas, Felipe deecomp.